000 00431pab a2200169 454500
008 180718b2007 xxu||||| |||| 00| 0 eng d
100 _aLakshmi, Aishwarya
245 _aThe mutiny novel: creating the domestic body of the empire
260 _c2007
300 _ap.1746-753.
362 _a12 May
650 _aIndia - History
650 _aHistory
773 _aEconomic and Political Weekly
908 _aN
909 _a74002
999 _c74002
_d74002